000 00640nam a2200217 a 4500
005 20210223123826.0
008 991125n 000 0 spa u
035 _aUPN01000071834
100 _aBOLIVAR BOTIA, Antonio, 1952-
_931294
222 _aREVISTA ESPAÑOLA DE PEDAGOGÍA
245 _aDesarrollo moral y educación moral : la perspectiva cognitivo-formalista
300 _a395-409
362 _a1987 Año 45, no. 177, (jul.-sep.)
653 0 _aAPRENDIZAJE
653 0 _aDESARROLLO MORAL
653 0 _aEDUCACION MORAL
653 0 _aFILOSOFIA EDUCATIVA
653 0 _aHISTORIA
904 _aAC
_b009645
905 _aArticulo
999 _c65760
_d65760